Bandwagon Quiz - Cleveland Guardians - Statistics

General Stats
  • This quiz has been taken 46 times
  • The average score is 15 of 20
Answer Stats
Hint Answer % Correct
What was the team known as before switching to the "Guardians"? Indians
100%
How many World Series titles have the Guardians won? 2
97%
What other MLB team do the Guardians battle in the "Ohio Cup"? Cincinnati Reds
94%
What is the name of the ballpark that the Guardians play in? Progressive Field
91%
The Guardians last made it to the World Series in what year? 2016
86%
What is the name given to the controversial logo that the team retired in 2021? Chief Wahoo
86%
What pitcher has won the Cy Young award for Cleveland twice? Corey Kluber
80%
Who is the Guardians' all-time home run leader? Jim Thome
80%
What is the name of the massively popular 1989 baseball movie that featured the team? Major League
80%
Who is the current manager of the Guardians? Stephen Vogt
77%
The team is called the "Guardians" because of statues on what nearby structure? Bridge
74%
What is the name of the Guardians' Triple-A affiliate? Columbus Clippers
71%
What is the name of the Guardians' mascot? Slider
71%
What pitcher leads the Guardians in all-time strikeouts and wins? Bob Feller
66%
Who is the current Guardians play-by-play announcer? Tom Hamilton
66%
What is the name of the Guardians' win song? Cleveland Rocks
63%
What former Guardian broke the American League color barrier? Larry Doby
54%
After the Red Sox and Cubs broke their streaks, the Guardians have the longest active streak of not doing what? Winning the World Series
46%
The Guardians have retired what specific number for "The Fans" based on their consecutive sellouts? 455
40%
Who leads the Guardians in all-time hits? Nap Lajoie
37%
No matching quizzes found
Score Distribution
Percent of People with Each Score
Percentile by Number Answered
Your Score History
You have not taken this quiz